Lithium-ion textile batteries with large areal mass loading /
Salvato in:
| Altri autori: | , , , , , , |
|---|---|
| Natura: | Articolo |
| Lingua: | English |
| Soggetti: | |
| Tags: |
Aggiungi Tag
Nessun Tag, puoi essere il primo ad aggiungerne! !
|
| Thư viện lưu trữ: | Thư viện Trường Đại học Đà Lạt |
|---|
| LEADER | 00998nam a2200349 4500 | ||
|---|---|---|---|
| 001 | DLU110130694 | ||
| 005 | ##20111223 | ||
| 040 | # | # | |a DLU |b eng |
| 041 | # | # | |a eng |
| 044 | # | # | |a gw |
| 245 | # | # | |a Lithium-ion textile batteries with large areal mass loading / |c Liangbing Hu ... [et al.]. |
| 653 | # | # | |a 3D porous conductor |
| 653 | # | # | |a High mass loading |
| 653 | # | # | |a Li-ion battery |
| 653 | # | # | |a Wearable electronics |
| 700 | # | # | |a Cui, Yi. |
| 700 | # | # | |a Hu, Liangbing. |
| 700 | # | # | |a Mantia, Fabio La. |
| 700 | # | # | |a McDonough, James. |
| 700 | # | # | |a Pasta, Mauro. |
| 700 | # | # | |a Wu, Hui. |
| 700 | # | # | |a Xie, Xing. |
| 773 | # | # | |t Advanced Energy Materials |g Vol. 1, no. 6 (November 2011), p. 1012-1017 |
| 920 | # | # | |a Phòng Tạp chí -- Trung tâm Thông tin - Thư viện Trường Đại học Đà Lạt |
| 994 | # | # | |a DLU |
| 900 | # | # | |a True |
| 911 | # | # | |a Trương Bảo Trâm Anh |
| 925 | # | # | |a G |
| 926 | # | # | |a A |
| 927 | # | # | |a BB |
| 980 | # | # | |a Thư viện Trường Đại học Đà Lạt |